Pays se terminant par "A" - Statistiques

Statistiques générales
  • Ce quiz a été pris 251 fois
  • Le résultat moyen est 16 sur 20
Statistiques - réponses
Réponse % Correct
Canada
91%
Panama
89%
Venezuela
88%
Guatemala
86%
Angola
85%
Guyana
84%
Nicaragua
84%
Costa Rica
83%
Cuba
83%
Ghana
82%
Nigeria
80%
Kenya
77%
Antigua-et-Barbuda
76%
Ouganda
76%
Rwanda
76%
Tonga
75%
Samoa
73%
Liberia
71%
Botswana
69%
Sri Lanka
53%
Aucun quiz correspondant
Distribution des résultats
% des personnes avec chaque résultat
Percentile par nombre de réponses
Votre historique - résultats
Vous n’avez pas pris ce quiz